5 Biggest Cities That Start With D in Each State - Statistics

General Stats
  • This quiz has been taken 38 times
  • The average score is 51 of 240
Answer Stats
Hint Pop. Answer % Correct
Colorado 718,877 Denver
90%
North Carolina 6,104 Dallas
87%
Oregon 17,531 Dallas
87%
Texas 1,307,930 Dallas
87%
Kentucky 5,743 Dayton
87%
Maine 2,313 Dayton
87%
Minnesota 9,095 Dayton
87%
Nevada 15,781 Dayton
87%
Ohio 136,579 Dayton
87%
Oregon 2,675 Dayton
87%
Tennessee 7,625 Dayton
87%
Wyoming 992 Dayton
87%
Iowa 212,421 Des Moines
84%
Washington 32,823 Des Moines
84%
Florida 78,992 Daytona Beach
77%
Delaware 39,837 Dover
77%
Idaho 792 Dover
77%
New Hampshire 33,364 Dover
77%
New Jersey 18,563 Dover
77%
Ohio 13,053 Dover
77%
Pennsylvania 23,280 Dover
77%
Connecticut 7,208 Durham
77%
Maine 4,262 Durham
77%
New Hampshire 15,080 Durham
77%
North Carolina 291,467 Durham
77%
Michigan 638,530 Detroit
74%
Georgia 32,426 Duluth
71%
Minnesota 87,093 Duluth
71%
Iowa 100,913 Davenport
65%
Texas 152,866 Denton
55%
North Carolina 15,660 Davidson
48%
Connecticut 87,263 Danbury
45%
Arizona 15,981 Douglas
45%
Wyoming 6,420 Douglas
45%
California 66,978 Davis
42%
Oklahoma 2,814 Davis
42%
West Virginia 663 Davis
42%
Alabama 57,361 Decatur
42%
Georgia 24,518 Decatur
42%
Illinois 69,815 Decatur
42%
Indiana 9,811 Decatur
42%
Mississippi 1,929 Decatur
42%
Alabama 71,514 Dothan
42%
California 70,803 Dublin
42%
Ohio 49,294 Dublin
42%
Iowa 59,174 Dubuque
42%
Georgia 34,538 Dalton
39%
Michigan 107,423 Dearborn
39%
Illinois 28,595 Danville
35%
Indiana 11,714 Danville
35%
Kentucky 17,327 Danville
35%
New Hampshire 4,531 Danville
35%
Vermont 2,360 Danville
35%
Virginia 42,214 Danville
35%
West Virginia 549 Danville
35%
Florida 108,346 Davie
35%
Ohio 44,589 Delaware
35%
Colorado 8,453 Derby
35%
Connecticut 12,487 Derby
35%
Kansas 26,062 Derby
35%
Vermont 4,537 Derby
35%
Kansas 27,613 Dodge City
35%
New Hampshire 4,932 Deerfield
32%
Florida 97,334 Deltona
32%
Massachusetts 33,328 Dartmouth
29%
New Hampshire 34,116 Derry
29%
Pennsylvania 24,977 Derry
29%
Illinois 59,156 Des Plaines
29%
North Dakota 25,357 Dickinson
29%
California 101,964 Daly City
26%
South Carolina 6,120 Darlington
26%
California 110,939 Downey
26%
Idaho 803 Downey
26%
New York 12,549 Dunkirk
26%
South Dakota 1,209 Deadwood
23%
Florida 88,093 Deerfield Beach
23%
Kansas 6,414 De Soto
23%
Missouri 6,470 De Soto
23%
Texas 56,211 DeSoto
23%
Montana 281 Dixon
23%
New Mexico 1,623 Dixon
23%
Wyoming 267 Dixon
23%
Georgia 37,536 Douglasville
23%
Utah 50,278 Draper
23%
Utah 1,044 Daniel
19%
Alabama 29,453 Daphne
19%
Illinois 40,443 DeKalb
19%
Alaska 2,109 Dillingham
19%
West Virginia 7,254 Dunbar
19%
Georgia 51,758 Dunwoody
19%
West Virginia 1,489 Daniels
16%
Colorado 9,421 Delta
16%
Michigan 33,104 Delta
16%
Utah 3,705 Delta
16%
Montana 4,085 Dillon
16%
South Carolina 6,354 Dillon
16%
Florida 79,216 Doral
16%
Mississippi 2,132 Drew
16%
Idaho 585 Dubois
16%
Wyoming 801 Dubois
16%
Oregon 3,213 Dundee
16%
North Carolina 8,559 Dunn
16%
Colorado 19,411 Durango
16%
Indiana 16,400 Dyer
16%
Nevada 277 Dyer
16%
Montana 527 Darby
13%
Washington 4,791 Deer Park
13%
Minnesota 6,942 Delano
13%
Delaware 1,950 Delaware City
13%
Iowa 8,260 Denison
13%
Arkansas 2,933 DeWitt
13%
New York 25,589 De Witt
13%
Maine 3,822 Dexter
13%
Missouri 7,891 Dexter
13%
New Mexico 1,128 Dexter
13%
Illinois 50,054 Downers Grove
13%
Nebraska 612 Duncan
13%
Oklahoma 22,958 Duncan
13%
South Carolina 4,310 Duncan
13%
Texas 39,683 Duncanville
13%
Maryland 17,640 Damascus
10%
Oregon 11,437 Damascus
10%
Connecticut 21,936 Darien
10%
Michigan 61,771 Dearborn Heights
10%
Montana 3,021 Deer Lodge
10%
Delaware 2,412 Delmar
10%
New Mexico 15,221 Deming
10%
Minnesota 10,025 Detroit Lakes
10%
Maryland 65,969 Dundalk
10%
Washington 9,931 DuPont
10%
Nebraska 2,675 Dakota City
6%
Virginia 71,016 Dale City
6%
Massachusetts 28,098 Danvers
6%
Ohio 17,276 Defiance
6%
Oklahoma 21,494 Del City
6%
Texas 34,668 Del Rio
6%
Wisconsin 25,301 De Pere
6%
New Jersey 32,263 Deptford
6%
North Dakota 7,308 Devils Lake
6%
Mississippi 13,203 D'Iberville
6%
Tennessee 16,424 Dickson
6%
New Mexico 868 Dona Ana
6%
Vermont 2,092 Dorset
6%
Kansas 749 Downs
6%
North Dakota 763 Drayton
6%
Montana 277 Drummond
6%
New Jersey 18,279 Dumont
6%
Massachusetts 16,185 Duxbury
6%
Vermont 1,548 Duxbury
6%
Tennessee 15,979 Dyersburg
6%
Alabama 4,919 Daleville
3%
Utah 877 Dammeron Valley
3%
Tennessee 3,538 Dandridge
3%
Missouri 13,503 Dardenne Prairie
3%
Nebraska 3,017 David City
3%
Maryland 5,333 Deale
3%
Iowa 7,535 Decorah
3%
Connecticut 4,458 Deep River
3%
Wisconsin 11,501 DeForest
3%
Wisconsin 7,202 Delafield
3%
Wisconsin 8,689 Delavan
3%
Michigan 28,024 Delhi
3%
New Jersey 18,148 Delran
3%
Alaska 1,217 Delta Junction
3%
Indiana 4,234 DeMotte
3%
New Jersey 17,205 Denville
3%
New York 15,000 Depew
3%
Louisiana 2,931 DeQuincy
3%
Arizona 2,944 Desert Hills
3%
West Virginia 972 Despard
3%
Louisiana 11,619 Destrehan
3%
Oklahoma 3,412 Dewey
3%
California 53,355 Diamond Bar
3%
Mississippi 9,338 Diamondhead
3%
Minnesota 4,713 Dilworth
3%
Hawaii 1,079 Discovery Harbour
3%
Maryland 5,891 District Heights
3%
New York 11,443 Dobbs Ferry
3%
Louisiana 6,831 Donaldsonville
3%
Nebraska 983 Doniphan
3%
Kansas 1,603 Douglass
3%
Kentucky 5,474 Douglass Hills
3%
Idaho 2,925 Driggs
3%
Indiana 6,109 Dunlap
3%
Tennessee 5,678 Dunlap
3%
Virginia 8,957 Dunn Loring
3%
North Dakota 818 Dunseith
3%
Mississippi 2,103 Durant
3%
Oklahoma 19,746 Durant
3%
Delaware 1,376 Dagsboro
0%
South Dakota 3,936 Dakota Dunes
0%
Colorado 33,753 Dakota Ridge
0%
Idaho 2,496 Dalton Gardens
0%
North Carolina 4,147 Dana
0%
Arkansas 4,511 Dardanelle
0%
Maryland 7,051 Darnestown
0%
Kentucky 1,951 Dawson Springs
0%
Massachusetts 25,237 Dedham
0%
Maine 2,470 Deer Isle
0%
South Dakota 3,905 Dell Rapids
0%
Alaska 1,997 Deltana
0%
Alabama 6,908 Demopolis
0%
Alaska 819 Denali Park
0%
Louisiana 9,323 Denham Springs
0%
Nevada 36 Denio
0%
South Carolina 15,209 Dentsville
0%
Arkansas 6,058 De Queen
0%
Louisiana 9,763 DeRidder
0%
Arkansas 2,330 Dermott
0%
Oregon 5,797 Deschutes River Woods
0%
Washington 2,788 Desert Aire
0%
Nebraska 729 Deshler
0%
Missouri 4,863 Desloge
0%
South Dakota 943 De Smet
0%
Missouri 9,170 Des Peres
0%
Delaware 351 Dewey Beach
0%
Arizona 4,501 Dewey-Humboldt
0%
Alaska 1,329 Diamond Ridge
0%
Wyoming 665 Diamondville
0%
Virginia 9,938 Difficult Run
0%
Pennsylvania 12,931 Dingman
0%
Wisconsin 5,042 Dodgeville
0%
Arizona 6,253 Doney Park
0%
Nevada 265 Double Spring
0%
Maine 4,506 Dover-Foxcroft
0%
Pennsylvania 18,008 Doylestown
0%
Massachusetts 32,574 Dracut
0%
Virginia 11,828 Dranesville
0%
Arizona 27,675 Drexel Heights
0%
New York 13,604 Dryden
0%
Kentucky 2,441 Dry Ridge
0%
Utah 1,753 Duchesne
0%
New Mexico 3,218 Dulce
0%
Arkansas 3,768 Dumas
0%
Vermont 2,090 Dummerston
0%
South Carolina 3,668 Dunean
0%
Pennsylvania 14,181 Dunmore
0%
North Dakota 329 Dunn Center
0%
South Dakota 557 Dupree
0%
Washington 8,526 Duvall
0%
No matching quizzes found
Score Distribution
Percent of People with Each Score
Percentile by Number Answered
Your Score History
You have not taken this quiz